Lords of finance <the> bankers who broke the world

Gespeichert in:
Bibliographische Detailangaben
1. Verfasser: Ahamed, Liaquat
Format: Buch
Sprache:Englisch
Veröffentlicht: New York <The> Penguin Press 2009
Schlagworte:
Tags: Tag hinzufügen
Keine Tags, Fügen Sie das erste Tag hinzu!

MARC

LEADER 00000nam$a2200000$$$4500
001 0097850
005 20240306135812.9
020 |a 978-1-59420-182-0 
020 |a 978-0-14-311680-6 
041 0 |a eng 
044 |a US 
245 1 0 |a Lords of finance  |b <the> bankers who broke the world  |c Liaquat Ahamed 
264 1 |a New York  |b <The> Penguin Press  |c 2009 
300 |a 564 s. 
610 2 0 |a bankovníctvo 
610 2 0 |a banky 
610 2 0 |a financie 
610 2 0 |a obchody bankové 
610 2 0 |a pracovníci riadiaci 
610 2 0 |a osobnosť 
610 2 0 |a biografia 
610 2 0 |a história 
610 2 0 |a kapitalizmus 
100 1 |a Ahamed, Liaquat